000 01294cam a2200313 a 4500
001 13561
003 BD-RjUL
005 20211208235455.0
008 140201s2008 caua b 001 0 eng
020 _a9780787986834 (cloth)
035 _a(BD-RjUL)13613
040 _aDLC
_cBD-RjUL
_dBD-RjUL
_beng
041 _aeng
082 0 0 _a658.312402854678
_222
_bCLE 2008
100 1 _aClark, Ruth Colvin.
_942380
245 1 0 _aE-learning and the science of instruction :
_bproven guidelines for consumers and designers of multimedia learning /
_cRuth Colvin Clark, Richard E. Mayer.
250 _a2nd ed.
260 _aSan Francisco, CA :
_bPfeiffer,
_cc2008.
300 _axvi, 476 p. :
_bill. ;
_c24 cm. +
504 _aIncludes bibliographical references (p. 405-426) and index.
650 0 _aBusiness education
_xComputer-assisted instruction.
_942381
700 1 _aMayer, Richard E.,
_d1947-
_942382
856 4 1 _3Table of contents only
_uhttp://www.loc.gov/catdir/toc/ecip0714/2007013434.html
856 4 2 _3Contributor biographical information
_uhttp://www.loc.gov/catdir/enhancements/fy0826/2007013434-b.html
856 4 2 _3Publisher description
_uhttp://www.loc.gov/catdir/enhancements/fy0826/2007013434-d.html
942 _2ddc
_cBK
999 _c13561
_d13561